00705 2200193 4500001002100000005001700021008004100038035002400079082001000103090001900113100001200132245017200144260007000316300003700386500002500423504002400448650002100472990001800493YOGYA-0213000000128420130228092232.0 ind  0010-021300000001284 a307.7 aSK 307.7 Sak P aSAKIDJO aPeranan Lembaga Ketahanan Masyarakat Desa (LKMD) terhadap pembangunan desa di Desa Wiladeg kecamatan Karangmojo kabupaten Dati II Gununga Kidul tahun 1997/olah Sakidjo aYogyakartabInstitut Keguruan Ilmu Pendidikan(IKIP) Veteranc1998 ax, 84(33) lbrbilus, lampc29 cm aSkripsi IKIP Veteran aBibliografi: lbr 84 aPembangunan Desa a44085-PD/A.12